Name every Active Movement - Statistics

General Stats
  • This quiz has been taken 8 times
    6 since last reset
  • The average score is 21 of 26
Answer Stats
Hint Answer % Correct
Georgia Abkhazia / Adjara / South Ossetia
100%
Russia Adygea / Altai / Bashkortostan / Buryatia / Chuvashia / Chechnya / Dagestan / Sakha / Tuva / Crimea / Kalmykia / Tatarstan / Mari El / Mordovia / Khakassia / Karachay-Cherkessia / Komi / Udmurtia / Karelia / Ingushetia / North Ossetia-Alania / Kabardino-Balkaria
100%
United States Alaska / California / Texas / New England / Acadiana / Hawaii / CSA / Puerto Rico / Guam
100%
Belgium Brussels / Flanders / Wallonia
100%
Ukraine Crimea
100%
United Kingdom England / Scotland / Wales / Northern Ireland / Cornwall
100%
China Hong Kong / Macau / Xinjiang / Tibet / Taiwan / Inner Mongolia / Hainan / Guangxi / Ningxia
100%
Canada Quebec / Nunavut / Cascadia / Alberta / Acadia / Aerica / Saskatchewan
100%
Mexico Rio Grande / Baja California / Yucatan
100%
Indonesia Aceh / Bali / West Papua
75%
Pakistan Azad Kashmir / Balochistan / Punjab / Sindh / Gilgit-Baltistan
75%
Antigua and Barbuda Barbuda
75%
Germany Bavaria / Saxony
75%
France Brittany / Corsica / Normandy / Occitania / Basque Country / French Guiana
75%
Spain Catalonia / Basque Country / Galicia / Aragon / La Rioja
75%
Sudan Darfur
75%
Iraq Kurdistan
75%
Turkey Kurdistan
75%
Iran Kurdistan / Balochistan
75%
India Punjab / Jammu and Kashmir / Ladakh / Goa / Manipur / Assam / Mizoram / Nagaland / Meghalaya / Tripura / Sikkim
75%
Brazil São Paulo / Acre / Rio de Janeiro
75%
Italy Sicily / Sardinia
75%
Niger Agadez
50%
Japan Hokkaido
50%
Argentina Patagonia / Tierra del Fuego
50%
Netherlands Friesland
25%
No matching quizzes found
Score Distribution
Percent of People with Each Score
Percentile by Number Answered
Your Score History
You have not taken this quiz since the last reset